Normal view
MARC view
Entry Personal Name
Used in 1 records
001 - CONTROL NUMBER
- control field: 19179
003 - CONTROL NUMBER IDENTIFIER
- control field: LRUA
005 - DATE AND TIME OF LATEST TRANSACTION
- control field: 20260108200833.0
008 - FIXED-LENGTH DATA ELEMENTS
- fixed length control field: 260108|| aca||aabn | a|a d
040 ## - CATALOGING SOURCE
- Original cataloging agency: LRUA
100 ## - HEADING--PERSONAL NAME
- Personal name: Tho Kim Eang ធូ គឹមអៀង